[Event "4NCL 2017-18"]
[Site "England ENG"]
[Date "2018.01.14"]
[Round "4.61"]
[White "Sreeves, Clement"]
[Black "Turner, Matthew J"]
[Result "0-1"]
[WhiteTitle "FM"]
[BlackTitle "GM"]
[WhiteElo "2389"]
[BlackElo "2529"]
[WhiteTeam "Alba"]
[BlackTeam "Barbican 4NCL"]
[WhiteFideId "2402564"]
[BlackFideId "402893"]
[EventDate "2017.11.11"]

1. e4 e5 2. Nf3 Nc6 3. Bb5 a6 4. Ba4 Nf6 5. O-O b5 6. Bb3 Be7 7. d4 d6 8. c3 Bg4
9. Be3 d5 10. h3 Bxf3 11. Qxf3 exd4 12. cxd4 dxe4 13. Qg3 O-O 14. Nc3 Nxd4 15.
Bxd4 Qxd4 16. Rad1 Qb6 17. Nd5 Nxd5 18. Bxd5 Rae8 19. Bxe4 Bf6 20. Qf3 Bxb2 21.
Rd7 Re6 22. Bd5 Rf6 23. Qe4 c6 24. Bb3 c5 25. Bd5 c4 26. g4 g5 27. Qe7 Bd4 28.
Kg2 Qc5 29. Qe2 Rd6 30. Rxd6 Qxd6 31. Qe4 Qe5 32. Qf3 Kg7 33. h4 f5 34. Bb7 fxg4
35. Qxg4 Rf4 36. Qxg5+ Qxg5+ 37. hxg5 c3 38. f3 Be3 39. Be4 Rxe4 40. fxe4 c2 0-1

[Event "4NCL 2017-18"]
[Site "England ENG"]
[Date "2018.01.14"]
[Round "4.62"]
[White "Collins, Sam E."]
[Black "Greet, Andrew N"]
[Result "1/2-1/2"]
[WhiteTitle "IM"]
[BlackTitle "IM"]
[WhiteElo "2446"]
[BlackElo "2442"]
[WhiteTeam "Barbican 4NCL"]
[BlackTeam "Alba"]
[WhiteFideId "2501198"]
[BlackFideId "405817"]
[EventDate "2017.11.11"]

1. e4 e6 2. d4 d5 3. Nd2 c5 4. exd5 Qxd5 5. dxc5 Nf6 6. Ngf3 Qxc5 7. Bd3 Nbd7 8.
O-O Qc7 9. Nb3 g6 10. a4 Bg7 11. Re1 O-O 12. a5 Nd5 13. c3 Rd8 14. Bg5 N7f6 15.
Qd2 Bd7 16. Ne5 Be8 17. Nd4 a6 18. h4 Rac8 19. g3 Ne7 20. Bf4 Qc5 21. Nb3 Qa7
22. Nd4 Nh5 23. Bh6 Qc5 24. Bxg7 Kxg7 25. Ng4 Nc6 26. Nxc6 Bxc6 27. Re5 Rd5 28.
Rae1 Rcd8 29. Qh6+ Kh8 30. c4 Rxe5 31. Nxe5 Kg8 32. Qe3 Qxa5 33. Nxc6 bxc6 34.
Be4 c5 35. Kg2 Qd2 36. Bf3 Qxe3 37. Rxe3 Nf6 38. Ra3 Rd6 39. Ra5 Nd7 40. b4 cxb4
41. c5 Nxc5 42. Rxc5 Kg7 43. Rc6 Rxc6 44. Bxc6 b3 45. Kf3 f5 46. Ba4 b2 47. Bc2
Kf6 48. Ke3 g5 49. hxg5+ Kxg5 50. f4+ Kg4 51. Kf2 Kh3 52. Kf3 a5 53. Bb1 Kh2 54.
Kf2 Kh3 1/2-1/2

[Event "4NCL 2017-18"]
[Site "England ENG"]
[Date "2018.01.14"]
[Round "4.63"]
[White "McKay, Roderick M"]
[Black "D'Costa, Lorin A R"]
[Result "1/2-1/2"]
[WhiteTitle "IM"]
[BlackTitle "IM"]
[WhiteElo "2312"]
[BlackElo "2386"]
[WhiteTeam "Alba"]
[BlackTeam "Barbican 4NCL"]
[WhiteFideId "2400049"]
[BlackFideId "409219"]
[EventDate "2017.11.11"]

1. d4 Nf6 2. Nf3 b5 3. Qd3 a6 4. e4 e6 5. a3 Bb7 6. Nc3 Be7 7. d5 O-O 8. Be2 d6
9. O-O e5 10. Nd2 Nbd7 11. Nb3 c6 12. dxc6 Bxc6 13. Be3 Qc7 14. Bf3 Rfc8 15.
Rfc1 Rab8 16. a4 Nc5 17. Nxc5 dxc5 18. axb5 axb5 19. Bg5 b4 20. Bxf6 bxc3 21.
Bxe7 cxb2 22. Bd6 Qa5 23. Qf1 bxa1=Q 24. Rxa1 Qb4 25. Bxb8 Rxb8 26. Qe1 Qxe1+
27. Rxe1 Rb2 28. Rc1 Bb5 29. Bd1 f6 30. f3 Kf7 31. Kf2 g5 32. Ke3 Kg6 33. g3 1/2-1/2

[Event "4NCL 2017-18"]
[Site "England ENG"]
[Date "2018.01.14"]
[Round "4.64"]
[White "Dorrington, Chris J"]
[Black "Berry, Neil"]
[Result "1-0"]
[BlackTitle "FM"]
[WhiteElo "2308"]
[BlackElo "2265"]
[WhiteTeam "Barbican 4NCL"]
[BlackTeam "Alba"]
[WhiteFideId "410462"]
[BlackFideId "2400650"]
[EventDate "2017.11.11"]

1. d4 Nf6 2. Nf3 d5 3. c4 e6 4. Nc3 Bb4 5. e3 O-O 6. Bd3 c5 7. O-O cxd4 8. exd4
dxc4 9. Bxc4 b6 10. Qe2 Bb7 11. Rd1 Nbd7 12. Bg5 Bxc3 13. bxc3 Qc7 14. Bd3 h6
15. Bd2 Rfd8 16. Rac1 Qd6 17. a4 Nc5 18. Bc2 Nce4 19. Be1 Qd5 20. c4 Qh5 21. Qe3
Ng4 22. Qf4 g5 23. Qc7 Nd6 24. d5 exd5 25. Bb4 Nf6 26. Qe7 Nfe8 27. Ne5 Rac8 28.
Nd7 Rxd7 29. Qxd7 Bc6 30. Qe7 Rc7 31. Qe1 Nxc4 32. Rxd5 Qg4 33. h3 Qe6 34. Rd8
Ne5 35. Bb3 Nf3+ 36. gxf3 Qxh3 37. Rxe8+ 1-0

[Event "4NCL 2017-18"]
[Site "England ENG"]
[Date "2018.01.14"]
[Round "4.65"]
[White "Findlay, David John"]
[Black "Jackson, James P"]
[Result "1/2-1/2"]
[BlackTitle "FM"]
[WhiteElo "2188"]
[BlackElo "2364"]
[WhiteTeam "Alba"]
[BlackTeam "Barbican 4NCL"]
[WhiteFideId "2400278"]
[BlackFideId "416860"]
[EventDate "2017.11.11"]

1. e4 e5 2. Nc3 Nf6 3. g3 d5 4. exd5 Nxd5 5. Bg2 Nxc3 6. bxc3 Bc5 7. Nf3 Nc6 8.
O-O O-O 9. Qe2 Re8 10. d3 Bg4 11. Qe4 Qd7 12. Ng5 Bf5 13. Bh3 g6 14. Qh4 h5 15.
Bg2 Be7 16. Qc4 Bxg5 17. Bxg5 Bh3 18. Rfe1 Bxg2 19. Kxg2 Qe6 20. Qb3 b6 21. f4
Qd7 22. fxe5 Nxe5 23. d4 Qc6+ 24. d5 Qd7 25. c4 Qf5 26. Bf4 h4 27. h3 hxg3 28.
Bxg3 c6 29. Qc3 f6 30. Rad1 Rad8 31. Re2 cxd5 32. Rxd5 Rxd5 33. cxd5 Rc8 34. Qb3
Nc4 35. Qf3 Qxf3+ 36. Kxf3 Kf7 37. Re6 Rc5 38. Rc6 Nd2+ 39. Ke2 Rxd5 40. Bb8 Rd7
41. Bxa7 Rxa7 42. Kxd2 Rxa2 43. Rxb6 g5 44. Kd3 Kg6 45. Rb3 Kh5 46. c4 Kh4 47.
Kd4 f5 48. c5 g4 49. hxg4 1/2-1/2

[Event "4NCL 2017-18"]
[Site "England ENG"]
[Date "2018.01.14"]
[Round "4.66"]
[White "Franklin, Samuel G A"]
[Black "White, Stuart A"]
[Result "0-1"]
[WhiteTitle "FM"]
[WhiteElo "2316"]
[BlackElo "2150"]
[WhiteTeam "Barbican 4NCL"]
[BlackTeam "Alba"]
[WhiteFideId "468576"]
[BlackFideId "407747"]
[EventDate "2017.11.11"]

1. e4 e6 2. d4 d5 3. Nc3 Nf6 4. e5 Nfd7 5. f4 c5 6. Nf3 Nc6 7. Be3 Be7 8. Qd2 a6
9. dxc5 Nxc5 10. O-O-O b5 11. Qf2 Na4 12. Ne2 Qc7 13. Kb1 Na5 14. Ned4 Nc4 15.
Bc1 Bd7 16. Bd3 Naxb2 17. Bxb2 Nxb2 18. Kxb2 Ba3+ 19. Kb3 Qa5 0-1

[Event "4NCL 2017-18"]
[Site "England ENG"]
[Date "2018.01.14"]
[Round "4.67"]
[White "Koehn, Lennart"]
[Black "Taylor, Martin R"]
[Result "0-1"]
[BlackTitle "FM"]
[WhiteElo "2063"]
[BlackElo "2348"]
[WhiteTeam "Alba"]
[BlackTeam "Barbican 4NCL"]
[WhiteFideId "12938041"]
[BlackFideId "407836"]
[EventDate "2017.11.11"]

1. e4 Nf6 2. e5 Nd5 3. d4 d6 4. Nf3 dxe5 5. Nxe5 c6 6. Be2 Nd7 7. Nf3 Qc7 8. g3
e6 9. c4 N5f6 10. Nc3 Bd6 11. c5 Be7 12. Bf4 Qd8 13. b4 Nd5 14. Qb3 Nxf4 15.
gxf4 O-O 16. Rd1 Nf6 17. Ne5 Nd5 18. Nxd5 Qxd5 19. Bf3 Qxb3 20. axb3 a5 21. bxa5
Rxa5 22. Ke2 f6 23. Nc4 Ra2+ 24. Ke3 e5 25. b4 Ra4 26. Rb1 Be6 27. Be2 exd4+ 28.
Kxd4 Rd8+ 29. Kc3 Ra2 30. Rb2 Rxb2 31. Nxb2 Ra8 32. Nc4 Bd8 33. Bd3 Bc7 34. f5
Bd5 35. Re1 Kf8 36. Kb2 h6 37. h4 Re8 38. Re3 Rxe3 39. fxe3 Ke7 40. Kc3 Bf3 41.
Kd4 Bg3 42. Be4 Bxe4 43. Kxe4 Bxh4 44. Nb2 Be1 45. Nd3 Bd2 46. Kf3 Kf7 47. e4 g6
48. Kg4 h5+ 49. Kh4 Kg7 50. Kg3 g5 51. Kh3 g4+ 52. Kg3 Kh6 53. Kh4 Bc3 54. e5
Bxe5 0-1

[Event "4NCL 2017-18"]
[Site "England ENG"]
[Date "2018.01.14"]
[Round "4.68"]
[White "Lauterbach, Ingrid"]
[Black "Roy, Ali"]
[Result "1-0"]
[WhiteTitle "WIM"]
[WhiteElo "2048"]
[BlackElo "1923"]
[WhiteTeam "Barbican 4NCL"]
[BlackTeam "Alba"]
[WhiteFideId "405221"]
[BlackFideId "2400456"]
[EventDate "2017.11.11"]

1. Nf3 Nf6 2. g3 g6 3. Bg2 Bg7 4. O-O O-O 5. c4 d6 6. d4 Nbd7 7. Nc3 c6 8. e3 e5
9. b3 Qc7 10. dxe5 Nxe5 11. Nd4 Be6 12. Bb2 Rad8 13. h3 d5 14. cxd5 Nxd5 15.
Nce2 c5 16. Rc1 Qa5 17. Nxe6 fxe6 18. Qc2 Nb4 19. Bc3 Qxa2 20. Bxb4 Qxc2 21.
Rxc2 cxb4 22. Bxb7 Nd3 23. Be4 Be5 24. Rc6 Kf7 25. f4 Bf6 26. Rc7+ Be7 27. Nd4
Nc5 28. Bg2 Rd7 29. Rc6 Rdd8 30. Ra1 a6 31. Bf1 Rc8 32. Bc4 Rxc6 33. Nxc6 Bd6
34. Nxb4 Nxb3 35. Rxa6 Nd2 36. Rxd6 Nxc4 37. Rd7+ Kf6 38. e4 h5 39. Rc7 Na5 40.
e5+ Kf5 41. Nd3 Nb3 42. Rc2 Ke4 43. Rc3 Rb8 44. Rxb3 1-0

[Event "4NCL 2017-18"]
[Site "England ENG"]
[Date "2018.01.14"]
[Round "4.71"]
[White "Speelman, Jon S"]
[Black "Bisby, Daniel L"]
[Result "0-1"]
[WhiteTitle "GM"]
[BlackTitle "FM"]
[WhiteElo "2503"]
[BlackElo "2322"]
[WhiteTeam "Wood Green"]
[BlackTeam "Cambridge University"]
[WhiteFideId "400033"]
[BlackFideId "404586"]
[EventDate "2017.11.11"]

1. Nf3 Nf6 2. d4 g6 3. Bg5 Bg7 4. Nbd2 O-O 5. e3 d5 6. Bd3 Nbd7 7. h3 c5 8. c3
b6 9. O-O Bb7 10. Qb1 Re8 11. Bf4 Nh5 12. Bh2 e5 13. Bb5 e4 14. Ne1 Nhf6 15. a4
a6 16. Be2 Nf8 17. a5 Ne6 18. axb6 Qxb6 19. Nc2 h5 20. Qa2 cxd4 21. cxd4 a5 22.
Nb1 Bf8 23. Nc3 Bd6 24. Bxd6 Qxd6 25. Rfc1 Kg7 26. Na3 Rh8 27. Nab5 Qb8 28. Qa3
Ra6 29. Na4 Ng4 30. hxg4 hxg4 31. g3 Ng5 32. Bxg4 Rf6 33. Qe7 Nf3+ 34. Bxf3 exf3
35. Nc7 Rh1+ 36. Kxh1 Qh8+ 37. Kg1 Qh3 38. Ne8+ Kh6 39. Qf8+ Kg5 0-1

[Event "4NCL 2017-18"]
[Site "England ENG"]
[Date "2018.01.14"]
[Round "4.72"]
[White "Hill, Alistair"]
[Black "Haria, Ravi"]
[Result "0-1"]
[BlackTitle "IM"]
[WhiteElo "2197"]
[BlackElo "2435"]
[WhiteTeam "Cambridge University"]
[BlackTeam "Wood Green"]
[WhiteFideId "432407"]
[BlackFideId "415820"]
[EventDate "2017.11.11"]

1. e4 e6 2. d4 d5 3. Nd2 Ne7 4. Bd3 g6 5. c3 Bg7 6. Ne2 Nd7 7. O-O c5 8. e5 Nc6
9. Nf3 Qb6 10. Re1 O-O 11. a3 cxd4 12. cxd4 f6 13. exf6 Nxf6 14. Bc2 Bd7 15. Nc3
Rae8 16. Ba4 Ng4 17. Bxc6 Bxc6 18. h3 Nxf2 19. Kxf2 e5 20. Re3 e4 21. Ne2 exf3
22. Rxf3 Rxf3+ 23. gxf3 Bb5 0-1

[Event "4NCL 2017-18"]
[Site "England ENG"]
[Date "2018.01.14"]
[Round "4.73"]
[White "Houska, Jovanka"]
[Black "Bukojemski, Adam"]
[Result "1-0"]
[WhiteTitle "IM"]
[WhiteElo "2420"]
[BlackElo "2194"]
[WhiteTeam "Wood Green"]
[BlackTeam "Cambridge University"]
[WhiteFideId "405094"]
[BlackFideId "1114620"]
[EventDate "2017.11.11"]

1. d4 Nf6 2. Nf3 g6 3. g3 Bg7 4. Bg2 O-O 5. O-O c6 6. b3 d5 7. Bb2 a5 8. e3 Be6
9. Nc3 b5 10. a4 b4 11. Ne2 Ne4 12. Ne5 f6 13. Nd3 Na6 14. f3 Ng5 15. c3 Qb6 16.
h4 Nf7 17. cxb4 axb4 18. Qd2 Bf5 19. Rac1 Bh6 20. g4 Bd7 21. Bh3 e5 22. f4 exf4
23. exf4 Rae8 24. Kh2 Qb8 25. Ng3 Nd6 26. Rce1 Qc8 27. Nf2 Qb8 28. Bc1 Qb6 29.
Qd3 Rxe1 30. Rxe1 c5 31. dxc5 Qxc5 32. Be3 Qc3 33. Qxd5+ Nf7 34. Bd2 Bc6 35.
Bxc3 Bxd5 36. Bxf6 Bxf4 37. Nd3 Bb8 38. g5 Bxb3 39. Be7 Nxg5 40. Bxg5 Rf3 41.
Re8+ Kg7 42. Re7+ Kf8 43. Ne5 Bd6 44. Nxf3 Bxe7 45. Bxe7+ Kxe7 46. a5 Bc2 47.
Bf1 Nc7 48. Nd4 b3 49. Nxc2 bxc2 50. Ne2 Kd6 51. Nc1 Kc5 52. Bd3 Kb4 53. Bxc2
Kxa5 54. Bb3 Ne8 55. Nd3 Nf6 56. Kg3 Kb5 57. Kf4 h6 58. Bf7 g5+ 59. Kf5 gxh4 60.
Kxf6 h3 61. Bd5 h2 62. Ke5 h5 63. Kf4 h4 64. Kg4 h3 65. Kxh3 h1=Q+ 66. Bxh1 Kc4
67. Nf4 Kd4 68. Kg3 Ke3 69. Bf3 Kd4 70. Kf2 Ke5 71. Ke3 Kf5 72. Bd1 Ke5 73. Bg4
Kf6 74. Ke4 Kg5 75. Bf5 Kf6 76. Nd5+ Kf7 77. Ke5 Kg7 78. Nf4 Kf7 79. Be6+ Kg7
80. Kf5 Kh7 81. Kf6 Kh8 82. Ng6+ Kh7 83. Bd5 Kh6 84. Bg8 Kh5 85. Ne5 Kh6 86.
Ng4+ Kh5 87. Kf5 Kh4 88. Kf4 Kh5 89. Bf7+ Kh4 90. Ne3 Kh3 91. Bg6 Kh4 92. Ng2+
Kh3 93. Kf3 Kh2 94. Bf5 Kg1 95. Kg3 Kh1 96. Nf4 Kg1 97. Bd3 Kh1 98. Be2 Kg1 99.
Nh3+ Kh1 100. Bf3# 1-0

[Event "4NCL 2017-18"]
[Site "England ENG"]
[Date "2018.01.14"]
[Round "4.74"]
[White "Stanisz, Patryk"]
[Black "Harvey, Marcus R"]
[Result "0-1"]
[BlackTitle "FM"]
[WhiteElo "2155"]
[BlackElo "2358"]
[WhiteTeam "Cambridge University"]
[BlackTeam "Wood Green"]
[WhiteFideId "1123106"]
[BlackFideId "400092"]
[EventDate "2017.11.11"]

1. d4 Nf6 2. c4 e6 3. Nc3 Bb4 4. Qc2 d5 5. a3 Bxc3+ 6. Qxc3 O-O 7. Nf3 dxc4 8.
Qxc4 b6 9. g3 Ba6 10. Qa4 Qd7 11. Qxd7 Nbxd7 12. e3 Bxf1 13. Kxf1 c5 14. Kg2
Rfc8 15. Rd1 cxd4 16. Rxd4 Nc5 17. Rd1 Nb3 18. Rb1 Ne4 19. Bd2 f6 20. Be1 Rd8
21. Ng1 e5 22. Ne2 Kf7 23. Nc3 Nxc3 24. Bxc3 Ke6 25. f3 h5 26. Kf2 Nc5 27. e4
Na4 28. Rxd8 Rxd8 29. Ke2 f5 30. exf5+ Kxf5 31. Bd2 Nc5 32. Be3 Nb3 33. g4+ hxg4
34. fxg4+ Ke4 35. Bg5 Rf8 36. Be3 Rh8 37. Bg1 Rh4 38. Kf2 Rxg4 39. Re1+ Kf5 40.
Re3 Nd2 41. Rd3 Rd4 42. Rxd4 exd4 43. Ke2 Nb3 44. Kd3 Ke5 45. Kc2 Nc5 46. b4 Ne6
47. Kd3 b5 48. Bf2 Nf4+ 49. Kd2 Ke4 50. Bg3 g6 51. Bh4 Nd3 52. Bg5 Ne5 53. Ke2
Nf3 0-1

[Event "4NCL 2017-18"]
[Site "England ENG"]
[Date "2018.01.14"]
[Round "4.75"]
[White "Fitzsimons, David"]
[Black "Nettleton, Charlie B"]
[Result "1-0"]
[WhiteTitle "FM"]
[WhiteElo "2323"]
[BlackElo "2029"]
[WhiteTeam "Wood Green"]
[BlackTeam "Cambridge University"]
[WhiteFideId "2501961"]
[BlackFideId "419710"]
[EventDate "2017.11.11"]

1. e4 c5 2. Nf3 Nc6 3. Bb5 Qc7 4. O-O a6 5. Bxc6 Qxc6 6. d4 cxd4 7. Nxd4 Qc7 8.
Nc3 e6 9. Re1 d6 10. Bg5 Nf6 11. Bxf6 gxf6 12. Qh5 Bg7 13. Nf5 Kf8 14. Nxg7 Kxg7
15. Re3 Qc5 16. e5 f5 17. Qg5+ Kf8 18. Qd8+ 1-0

[Event "4NCL 2017-18"]
[Site "England ENG"]
[Date "2018.01.14"]
[Round "4.76"]
[White "Robertson, J Stuart"]
[Black "Weaving, Richard"]
[Result "0-1"]
[BlackTitle "FM"]
[WhiteElo "2120"]
[BlackElo "2333"]
[WhiteTeam "Cambridge University"]
[BlackTeam "Wood Green"]
[WhiteFideId "417114"]
[BlackFideId "401161"]
[EventDate "2017.11.11"]

1. d4 Nf6 2. c4 e6 3. g3 d5 4. Bg2 Bb4+ 5. Bd2 Be7 6. Nf3 O-O 7. O-O c6 8. Qc2
b6 9. Nc3 Bb7 10. e4 dxc4 11. e5 Nd5 12. Ne4 h6 13. Rfd1 Nd7 14. Qxc4 c5 15.
dxc5 bxc5 16. Rac1 Qb8 17. Qe2 Rd8 18. Ba5 Rc8 19. Ned2 N7b6 20. a3 Bc6 21. Ne1
Qb7 22. Qg4 Qa6 23. Bxb6 axb6 24. Nc4 Rd8 25. Nc2 Ra7 26. N2e3 Rad7 27. Nxd5
Bxd5 28. Bxd5 Rxd5 29. Qe4 Rd4 30. Qc2 Bg5 31. f4 Be7 32. a4 b5 33. axb5 Qxb5
34. b3 Qd7 35. Kf2 Qd5 36. Ke3 g5 37. h3 h5 38. Rf1 g4 39. hxg4 hxg4 40. Nb6 Qc6
41. Nc4 Kg7 42. Qb1 Qg2 0-1

[Event "4NCL 2017-18"]
[Site "England ENG"]
[Date "2018.01.14"]
[Round "4.77"]
[White "Littlewood, Paul E"]
[Black "Starley, Robert"]
[Result "1-0"]
[WhiteTitle "IM"]
[WhiteElo "2343"]
[BlackElo "2081"]
[WhiteTeam "Wood Green"]
[BlackTeam "Cambridge University"]
[WhiteFideId "400190"]
[BlackFideId "421006"]
[EventDate "2017.11.11"]

1. d4 Nf6 2. c4 e6 3. Nf3 c5 4. e3 a6 5. Nc3 d5 6. cxd5 exd5 7. Be2 Nc6 8. O-O
Bd6 9. dxc5 Bxc5 10. b3 O-O 11. Bb2 Re8 12. Na4 Be7 13. Rc1 Bf5 14. Nd4 Nxd4 15.
Qxd4 Bd6 16. Rfd1 Be5 17. Qb4 Bxb2 18. Nxb2 b5 19. Qf4 Bg6 20. Nd3 Qe7 21. Nb4
Be4 22. Nc6 Qa3 23. Nd4 Rac8 24. Ra1 Rc3 25. g4 h6 26. h4 Qe7 27. a4 Nd7 28.
axb5 Qxh4 29. Qh2 Qxh2+ 30. Kxh2 axb5 31. Bxb5 Rd8 32. Bxd7 Rxd7 33. Rdc1 Rdc7
34. Rxc3 Rxc3 35. Kg3 f6 36. Ra8+ Kh7 37. Ra7 Rc1 38. f3 Bd3 39. Ne6 Rc3 40.
Nxg7 Rxb3 41. Nh5+ Kh8 42. Nxf6 Bg6 43. Nxd5 Rb5 44. Nf4 Bc2 45. Rc7 Bb1 46. e4
Rb3 47. Re7 Bc2 48. Ng6+ Kg8 49. Nh4 Kf8 50. Re5 Bd1 51. Rf5+ Kg7 52. Rd5 Be2
53. Kf4 Ra3 54. Rd2 Bd3 55. Nf5+ Kf6 56. Rh2 Kf7 57. Nxh6+ Kf6 58. Nf5 Ra4 59.
g5+ Kg6 60. Rh6+ Kf7 61. g6+ Kg8 62. g7 1-0

[Event "4NCL 2017-18"]
[Site "England ENG"]
[Date "2018.01.14"]
[Round "4.78"]
[White "Goldsmith, Jennifer"]
[Black "Cooper, Lawrence H"]
[Result "0-1"]
[BlackTitle "IM"]
[WhiteElo "1342"]
[BlackElo "2344"]
[WhiteTeam "Cambridge University"]
[BlackTeam "Wood Green"]
[WhiteFideId "431001"]
[BlackFideId "401536"]
[EventDate "2017.11.11"]

1. d4 d6 2. Nf3 Bg4 3. e4 Nf6 4. Bd3 e6 5. O-O d5 6. e5 Nfd7 7. Bf4 c5 8. c3
cxd4 9. cxd4 Nc6 10. Be2 Bxf3 11. Bxf3 Qb6 12. Nc3 Qxd4 13. Qxd4 Nxd4 14. Be2
Bb4 15. Bd3 Nc5 16. Bb5+ Ke7 17. Be3 Bxc3 18. bxc3 Nxb5 19. Bxc5+ Kd7 20. Bd4
Rhc8 21. Rfc1 Nxd4 22. cxd4 Rxc1+ 23. Rxc1 Rc8 24. Rb1 b6 25. g3 Rc4 26. Rd1 Rc2
27. a3 Rc3 0-1

[Event "4NCL 2017-18"]
[Site "England ENG"]
[Date "2018.01.14"]
[Round "4.81"]
[White "Rudd, Jack"]
[Black "Zhou, Yang-Fan"]
[Result "0-1"]
[WhiteTitle "IM"]
[BlackTitle "IM"]
[WhiteElo "2273"]
[BlackElo "2440"]
[WhiteTeam "West is Best"]
[BlackTeam "Guildford"]
[WhiteFideId "405736"]
[BlackFideId "468584"]
[EventDate "2017.11.11"]

1. d4 Nf6 2. c4 g6 3. Nc3 Bg7 4. e4 O-O 5. Bg5 d6 6. Qd2 c5 7. d5 a6 8. a4 Qa5
9. f4 e6 10. Nf3 exd5 11. cxd5 Re8 12. Bd3 c4 13. Bc2 Qc5 14. O-O-O Ng4 15. e5
Nf2 16. Rde1 Bg4 17. exd6 Nd7 18. Rxe8+ Rxe8 19. Re1 Rxe1+ 20. Qxe1 Bxf3 21.
gxf3 Bf8 22. Kb1 Nd3 23. Bxd3 cxd3 24. Qd2 Qg1+ 25. Ka2 Qd4 26. f5 Bxd6 27. Be3
Qc4+ 28. b3 Qb4 29. Qc1 Nc5 30. Bxc5 Qxc5 31. Kb1 Be5 32. Ne4 Qb4 33. Ka2 Kg7
34. h4 b5 35. h5 d2 36. h6+ Kxh6 37. Nxd2 Kg7 38. axb5 axb5 39. fxg6 hxg6 40.
Ne4 Qa5+ 41. Kb1 Qa1+ 42. Kc2 Qa2+ 0-1

[Event "4NCL 2017-18"]
[Site "England ENG"]
[Date "2018.01.14"]
[Round "4.82"]
[White "Sarakauskas, Gediminas"]
[Black "Cooper, John G"]
[Result "1-0"]
[WhiteTitle "IM"]
[BlackTitle "IM"]
[WhiteElo "2424"]
[BlackElo "2268"]
[WhiteTeam "Guildford"]
[BlackTeam "West is Best"]
[WhiteFideId "12800724"]
[BlackFideId "1800027"]
[EventDate "2017.11.11"]

1. d4 Nf6 2. g3 c5 3. Nf3 cxd4 4. Nxd4 d5 5. Bg2 e5 6. Nb3 b6 7. Bg5 Nbd7 8. e4
dxe4 9. N1d2 Be7 10. O-O O-O 11. Qe2 Qc7 12. c3 a5 13. Nc1 a4 14. a3 h6 15. Bxf6
Nxf6 16. Re1 Bg4 17. Qf1 1-0

[Event "4NCL 2017-18"]
[Site "England ENG"]
[Date "2018.01.14"]
[Round "4.83"]
[White "Toma, Katarzyna"]
[Black "Suarez Real, Alberto"]
[Result "1-0"]
[WhiteTitle "WGM"]
[BlackTitle "IM"]
[WhiteElo "2264"]
[BlackElo "2434"]
[WhiteTeam "West is Best"]
[BlackTeam "Guildford"]
[WhiteFideId "1119907"]
[BlackFideId "2218534"]
[EventDate "2017.11.11"]

1. e4 c5 2. Nf3 Nc6 3. d4 cxd4 4. Nxd4 Nf6 5. Nc3 e5 6. Ndb5 d6 7. Bg5 a6 8. Na3
b5 9. Nd5 Be7 10. Bxf6 Bxf6 11. c4 b4 12. Nc2 O-O 13. Be2 a5 14. O-O Bg5 15. Qd3
Be6 16. Rfd1 Ra7 17. a3 bxa3 18. Qxa3 Qb8 19. Nc3 Rd7 20. Nb5 Be7 21. Qc3 Bd8
22. Ne3 Bb6 23. Nf5 g6 24. Qd2 Qd8 25. Ne3 Nd4 26. Nxd4 Bxd4 27. Qxa5 Bxb2 28.
Qxd8 Rfxd8 29. Ra2 Bd4 30. Nd5 Rb7 31. Kf1 Rdb8 32. Bd3 Kg7 33. Ke2 f5 34. Rdd2
Rf8 35. f3 Rfb8 36. Bc2 Bg1 37. h3 Bc5 38. exf5 gxf5 39. g4 Rf7 40. Ra1 e4 41.
gxf5 Bxf5 42. fxe4 Bxh3 43. Ne3 Kh8 44. Rh1 Be6 45. Rh6 Re8 46. Rd1 Rg7 47. Rdh1
Bg8 48. R1h2 Rg3 49. Nd5 Bd4 50. Rxd6 Rb8 51. Rdh6 Rb2 52. Kd2 Bxd5 53. Rxh7+
Kg8 54. exd5 Rc3 55. Rh8+ Kg7 56. R2h7+ Kf6 57. Rf8+ Kg5 58. Rg8+ Kf6 59. Rg6+
Ke5 60. Rh5+ 1-0

[Event "4NCL 2017-18"]
[Site "England ENG"]
[Date "2018.01.14"]
[Round "4.84"]
[White "Wadsworth, Matthew J"]
[Black "Rees, Ioan"]
[Result "1/2-1/2"]
[WhiteTitle "FM"]
[BlackTitle "FM"]
[WhiteElo "2354"]
[BlackElo "2278"]
[WhiteTeam "Guildford"]
[BlackTeam "West is Best"]
[WhiteFideId "415804"]
[BlackFideId "1801236"]
[EventDate "2017.11.11"]

1. c4 e6 2. g3 d5 3. Bg2 dxc4 4. Qa4+ Nd7 5. Qxc4 a6 6. Qb3 Ngf6 7. Nf3 Be7 8.
O-O O-O 9. Nc3 Ra7 10. a4 b6 11. d3 Bb7 12. h3 Nd5 13. Bd2 c5 14. Rfd1 Qb8 15.
e4 Nb4 16. Be3 Rc8 17. Na2 a5 18. Nd2 Ne5 19. Nxb4 axb4 20. d4 Nc6 21. d5 Na5
22. Qc2 exd5 23. exd5 Qa8 24. Nc4 Nxc4 25. Qxc4 Rxa4 26. Rxa4 Qxa4 27. b3 Qd7
28. Bf4 b5 29. Qe2 Bf6 30. Be3 c4 31. Qc2 Qd6 32. Bf4 Be5 33. Bxe5 Qxe5 34. d6
Bxg2 35. Kxg2 Qe6 36. Qd2 c3 37. Qd4 c2 38. Rc1 Qxb3 39. d7 Rd8 40. Qd2 Qe6 41.
Rxc2 h6 42. Rc7 Qb6 43. Qc2 Qd6 44. Qc5 Qxc5 45. Rxc5 Rxd7 46. Rxb5 Rd4 47. Kf3
Rd3+ 48. Ke2 Rb3 49. h4 g6 50. Rb7 Kg7 51. Rb6 Rb1 52. Kf3 b3 53. Kg2 Kf8 54.
Rb7 Ke8 55. Kf3 Rb2 56. Ke3 h5 57. Kf3 Kd8 58. Rxf7 Rc2 59. Rb7 b2 60. Kf4 Kc8
61. Rb4 Rxf2+ 62. Kg5 Kc7 63. Kxg6 Kc6 64. Kxh5 Rf5+ 65. Kg6 Rb5 66. Rxb2 Rxb2
67. h5 Rg2 68. h6 Rxg3+ 69. Kf7 Rh3 70. Kg7 Kd7 71. h7 Ke7 72. h8=Q Rxh8 1/2-1/2